|
|
|
|
| LEADER |
00000nam2a2200000 4500 |
| 001 |
292226 |
| 005 |
20231102000455.0 |
| 020 |
|
|
|a RU
|b 84-14620ж
|
| 035 |
|
|
|a (RuTPU)RU\TPU\book\316841
|
| 090 |
|
|
|a 292226
|
| 100 |
|
|
|a 20150421d1984 k y0rusy5003 ca
|
| 101 |
0 |
|
|a rus
|
| 102 |
|
|
|a UA
|
| 105 |
|
|
|a a z 001zy
|
| 200 |
0 |
|
|a Вып. 21
|f отв. ред. Н. Ф. Воллернер
|
| 210 |
|
|
|d 1984
|
| 215 |
|
|
|a 84 с.
|c ил.
|
| 320 |
|
|
|a Библиогр. в конце ст.
|
| 461 |
|
1 |
|0 (RuTPU)RU\TPU\book\115673
|t Радиотехника
|o [сборник статей]
|f Киевский политехнический институт (КПИ)
|v Вып. 21
|d 1956-1991
|s Вестник Киевского политехнического института
|
| 606 |
1 |
|
|a Радиотехника
|2 stltpush
|3 (RuTPU)RU\TPU\subj\71345
|9 85301
|
| 610 |
1 |
|
|a СВЧ
|
| 610 |
1 |
|
|a сверхвысокие частоты
|
| 610 |
1 |
|
|a исследования
|
| 610 |
1 |
|
|a сигналы
|
| 610 |
1 |
|
|a теория
|
| 610 |
1 |
|
|a радиотехнические элементы
|
| 610 |
1 |
|
|a конструирование
|
| 610 |
1 |
|
|a изготовление
|
| 675 |
|
|
|a 621.37
|z rus
|v 3
|
| 702 |
|
1 |
|a Воллернер
|b Н. Ф.
|g Наум Филиппович
|4 340
|
| 801 |
|
0 |
|a RU
|b RuMRKP
|c 19950704
|g psbo
|
| 801 |
|
1 |
|a RU
|b 63413507
|c 20150421
|
| 801 |
|
2 |
|a RU
|b 63413507
|c 20180425
|g RCR
|
| 942 |
|
|
|c BK
|